000 00641nam a2200205Ia 4500
005 20260121110215.0
008 008 260114s9999 xx 000 0 hin d
020 _a9788132303978
037 _aEBOOK
040 _aCRL
_bhin
_cCRL
041 _ahin
_2hin
084 _qCRL
100 _aसंतोष कुमार / Santosh Kumar
_9943350
245 0 _aशिक्षण सिद्धान्त / Shikshan siddhant
260 _bभाषा प्रकाशन / Bhasha Prakashan
_c2020
856 _uhttps://bhashaprakashan.com/product-details/378029
942 _cEBOOK
999 _c1535015
_d1535015